Statistics for CO22 Trivia

Click here to take the quiz!

General Stats

  • This quiz has been taken 2 times
  • The average score is 2 of 12

Answer Stats

HintAnswer% Correct
Does Sam have a brother?No
100%
Who is the most basic in the pH scale?Sam
50%
How many hits did Hess take before he got KOd?3
0%
How heavy is Wesley Jeong?80 kg
0%
Who shat in the urinal?Eugene
0%
Who is the only person that has a self-made nickname?JD
0%
Who is the unfunniest buddy in our grade?Jungwon
0%
Who committed the most menacing act of all time?Stevo
0%
Who is the sneakiest bastard in our grade?Surds
0%
Who is taller? Abhishek or PabloTimothee
0%
Who shat in the 3rd floor bathroom?Tyler
0%
Who is unable to speak a single language?Yki
0%

Score Distribution

Percentile by Number Answered

Percent of People with Each Score

Your Score History

You have not taken this quiz